| 000 | 01535cam a22004094a 4500 | ||
|---|---|---|---|
| 999 |
_c50545 _d50545 |
||
| 001 | 14732191 | ||
| 005 | 20200219151447.0 | ||
| 008 | 070212s2008 nyua b 001 0 eng | ||
| 010 | _a 2007006188 | ||
| 020 | _a0716743663 | ||
| 020 | _a9780716743668 | ||
| 020 | _a0716776014 | ||
| 020 | _a9780716776017 | ||
| 035 | _a(OCoLC)ocm83758878 | ||
| 040 |
_aDLC _cDLC _dBAKER _dBTCTA _dC#P _dYDXCP _dCOU _dVAM _dUPP _dDLC |
||
| 041 | _aeng | ||
| 050 | 0 | 0 |
_aQH581.2 _b.M655 2008 |
| 080 | _a577.2 M-79 | ||
| 082 | 0 | 0 |
_a571.6 _222 |
| 245 | 0 | 0 |
_aMolecular cell biology / _cHarvey Lodish ... [et al.]. |
| 250 | _a6th ed. | ||
| 264 |
_aNew York : _bW.H. Freeman, _cc2008. |
||
| 300 |
_a1 v. (various pagings) : _bill. (some col.) ; _c29 cm. |
||
| 504 | _aIncludes bibliographical references and index. | ||
| 650 | 0 |
_aCytology. _97126 |
|
| 650 | 0 |
_aMolecular biology. _9168 |
|
| 653 | _aბიოლოგია | ||
| 653 | _aციტოლოგია | ||
| 700 | 1 |
_aLodish, Harvey F. _97166 |
|
| 856 | 4 | 1 |
_3Table of contents only _uhttp://www.loc.gov/catdir/toc/ecip0710/2007006188.html |
| 856 | 4 | 2 |
_3Contributor biographical information _uhttp://www.loc.gov/catdir/enhancements/fy0912/2007006188-b.html |
| 856 | 4 | 2 |
_3Publisher description _uhttp://www.loc.gov/catdir/enhancements/fy0912/2007006188-d.html |
| 906 |
_a7 _bcbc _corignew _d1 _eecip _f20 _gy-gencatlg |
||
| 942 |
_2udc _cBK |
||
| 955 |
_ajb10 2007-02-12 _ijb10 2007-02-12 _aaa27 2007-02-13 _aps02 2007-11-16 bk rec'd, to CIP ver. |
||
| 955 | _apv21 2007-11-20 z-processor | ||